000 00660nam a2200277Ia 4500
005 20260324123639.0
008 008 260324s9999 xx 000 0 eng d
020 _a9780203846407
037 _aEBOOK
040 _aCRL
040 _beng
040 _cCRL
041 _2eng
041 _aeng
084 _qCRL
100 _aAnne Fox; Mike MacAvoy
_91171111
245 0 _aExpressions of Drunkenness (Four Hundred Rabbits)
260 _bTaylor and Francis
260 _c2011
365 _a
365 _b220
856 _uhttp://www.taylorfrancis.com/books/9780203846407
942 _cEBOOK
999 _c1764816
_d1764816